[Event "Muret Veterans op"]
[Site "Muret"]
[Date "2009.06.16"]
[Round "2"]
[White "Lecoultre, Patrick"]
[Black "Mauduit, Emile"]
[Result "1-0"]
[WhiteElo "1769"]
[BlackElo "1499"]
[PlyCount "159"]
[EventDate "2009.06.15"]
[EventType "swiss"]
[EventRounds "7"]
[EventCountry "FRA"]
[SourceTitle "EXT 2010"]
[Source "ChessBase"]
[SourceDate "2010.11.25"]
[SourceVersion "1"]
[SourceVersionDate "2010.11.25"]
[SourceQuality "1"]

1. d4 d5 2. c4 c6 3. Nf3 Nf6 4. e3 g6 5. Nc3 Bg7 6. b3 Bg4 7. Be2 Nbd7 8. Bb2 0-0 9. h3 Bxf3 10. Bxf3 e6 11. 0-0 Re8 12. cxd5 cxd5 13. Rc1 Nb6 14. Qd2 Re7 15. Rc2 a6 16. Rfc1 h6 17. Ba3 Re8 18. Bc5 Nfd7 19. Bb4 Nc8 20. Na4 Bf8 21. Bxf8 Rxf8 22. Rc7 Rb8 23. e4 dxe4 24. Bxe4 b5 25. Nb2 Kg7 26. Qc3 Nf6 27. Bb7 Nd6 28. Bf3 Kh7 29. Qa5 Nf5 30. Qxa6 Qxd4 31. Nd1 b4 32. Qxe6 Kg7 33. R7c4 Qxd1+ 34. Rxd1 fxe6 35. g4 Ne7 36. Rc7 Kf7 37. Be2 Rfd8 38. Re1 Nfd5 39. Ra7 Ra8 40. Rb7 Rxa2 41. Bc4 Kf6 42. Kg2 g5 43. Kg3 Ng6 44. Rh7 Rh8 45. Rd7 Ngf4 46. Rd6 Re8 47. Bxd5 Nxd5 48. Rxd5 Rc8 49. Rd3 Rcc2 50. Rf3+ Ke7 51. Re4 Rc1 52. Rfe3 Ra6 53. Rxb4 Rd6 54. Kf3 Rb1 55. Ke4 Rbd1 56. f4 gxf4 57. Kxf4 Rf1+ 58. Ke4 Kf6 59. Rd4 Rb6 60. Rd8 Rb4+ 61. Rd4 Rb5 62. Rc4 Re5+ 63. Kd3 Rd1+ 64. Ke2 Re1+ 65. Kxe1 Rxe3+ 66. Kf2 Rxb3 67. Kg2 Re3 68. Rc8 Kg5 69. Rg8+ Kf6 70. Rf8+ Ke5 71. Rh8 Kf4 72. Rxh6 e5 73. Rf6+ Ke4 74. g5 Re2+ 75. Rf2 Rxf2+ 76. Kxf2 Kf5 77. h4 Kg6 78. Ke3 Kh5 79. Ke4 Kxh4 80. g6 1-0